000 00616nam a2200241Ia 4500
003 OSt
005 20220918193404.0
006 a|||||r|||| 00| 0
007 ta
008 220917b |||||||| |||| 00| 0 eng d
024 _a72,913
037 _cTextual
040 _aARTS
_cARTS
_beng
041 _2eng
_aeng
082 _aR5xM85:9, L5
100 _aKiralyfalvi Bela
_981645
245 0 _aAesthetics of Gyorgy Lukacs
260 _c1975
490 _aPrenceton essays in literature
650 _aAESTHETICS
942 _hR5xM85:9, L5
_cTEXL
_2CC
999 _c198854
_d198854